18th-century English porcelain (Record no. 2548)

MARC details
000 -CABECERA
campo de control de longitud fija 00602nam a2200205 a 4500
001 - NÚMERO DE CONTROL
campo de control BRCA_2808
005 - FECHA Y HORA DE LA ÚLTIMA TRANSACCIÓN
campo de control 20190320203958.0
008 - DATOS DE LONGITUD FIJA--INFORMACIÓN GENERAL
campo de control de longitud fija 081208s1952----enka---###---#000-0#eng-u
050 #4 - SIGNATURA TOPOGRÁFICA DE LA BIBLIOTECA DEL CONGRESO
Número de clasificación NK4485
Número de documento/Ítem .S28 1952
100 1# - ENTRADA PRINCIPAL--NOMBRE DE PERSONA
Nombre de persona Savage, Leonard George Gimson
9 (RLIN) 2719
245 10 - MENCIÓN DE TÍTULO
Título 18th-century English porcelain
Mención de responsabilidad, etc. George Savage.
260 ## - PUBLICACIÓN, DISTRIBUCIÓN, ETC.
Lugar de publicación, distribución, etc. London
Nombre del editor, distribuidor, etc. Rockliff
Fecha de publicación, distribución, etc. 1952
300 ## - DESCRIPCIÓN FÍSICA
Extensión 435 p.
Otras características físicas il., 113 láminas
Dimensiones 22 cm.
500 ## - NOTA GENERAL
Nota general Incluye lista de ilustraciones y apéndice.
500 ## - NOTA GENERAL
Nota general AA104
650 14 - PUNTO DE ACCESO ADICIONAL DE MATERIA--TÉRMINO DE MATERIA
Término de materia o nombre geográfico como elemento de entrada Porcelana inglesa
9 (RLIN) 7224
650 14 - PUNTO DE ACCESO ADICIONAL DE MATERIA--TÉRMINO DE MATERIA
Término de materia o nombre geográfico como elemento de entrada Porcelana
Subdivisión general Historia
9 (RLIN) 1464
902 ## - CATALOGADOR
Iniciales GFM
942 ## - ELEMENTOS DE PUNTO DE ACCESO ADICIONAL (KOHA)
Fuente del sistema de clasificación o colocación Library of Congress Classification
Tipo de ítem Koha Libros
Holdings
Estado de retiro Estado de pérdida Estado dañado No para préstamo Localización permanente Ubicación/localización actual Fecha de adquisición Número de inventario Total de préstamos Signatura topográfica completa Código de barras Fecha visto por última vez Precio válido a partir de Tipo de ítem Koha
El ejemplar forma parte de la colección y puede ser consultado según las políticas vigentes.       Biblioteca del Museo Franz Mayer (Rogerio Casas-Alatriste) Biblioteca del Museo Franz Mayer (Rogerio Casas-Alatriste) 08/12/2008 AA104   NK4485 .S28 1952 (AA104) 2805 22/03/2019 22/03/2019 Libros